000 00817nam a2200253Ia 4500
003 GCL
008 140319s9999 xx 000 0 ara d
040 _aGCL /
_cGCL
082 0 4 _aق
_b962
_bع م
100 1 _aعبدالرحمن الرافعى
245 1 0 _aمقدمات ثورة 23 يوليو 1952 /
_cعبدالرحمن الرافعى
260 _a[S.N] :
_bدار المعارف ،
_c1987
300 _a224 ص
490 _aتاريخ مصر القومى
_v0
650 0 4 _aالعصر الحديث
650 0 4 _aمصر
650 0 4 _aتاريخ
650 0 4 _aالاحوال الاجتماعية
650 0 4 _aالاحوال السياسية
650 0 4 _aالمقاومة الشعبية
650 0 4 _aثورة 23 يوليو 1952
650 0 4 _aالاحتلال البريطانى
942 _2ddc
_cBK
999 _c52423
_d52423